000 00630nam a2200229 a 4500
001 0001-1398
003 ELIB.Books
008 160727 2010 eng
020 _a1 85075 928 6
035 _a(ELIB.Books)0001-1553
092 _a220
_bAmi
100 _aAmit, Yairah.
245 _aHistory and Ideology
_bAn Introduction to Historiography in the Hebrew Bible
260 _aSheffield
_bSheffield Academic Press
_c1999
300 _a127
_c23.5 Cm
650 _aBible
856 _nKBTS Library
_uKBTS: ELIB
942 _2ddc
_cBK
990 _a1
998 _cbat
_e2016-07-27
_mcat
_u2019-07-10
999 _c11398
_d11398